[Event "SRI-chB (Women)"]
[Site "Malabe"]
[Date "2015.06.20"]
[Round "4"]
[White "Mayuraji, LM Dinya"]
[Black "Tennakoonwela, Pamudie Sasankha"]
[Result "0-1"]
[WhiteElo "1137"]
[BlackElo "1377"]
[PlyCount "78"]
[EventDate "2015.05.19"]
[EventType "swiss"]
[EventRounds "10"]
[EventCountry "SRI"]
[SourceTitle "EXT 2016"]
[Source "ChessBase"]
[SourceDate "2015.10.08"]
[SourceVersion "1"]
[SourceVersionDate "2015.10.08"]
[SourceQuality "1"]

1. e4 c5 2. Nf3 d6 3. d4 cxd4 4. Nxd4 Nf6 5. Nc3 a6 6. Be2 g6 7. Be3 Bg7 8. h3 Nc6 9. a3 Qc7 10. 0-0 b5 11. Re1 Bb7 12. Qd2 Rc8 13. Rab1 Na5 14. Ra1 Nc4 15. Bxc4 Qxc4 16. Nf3 Nxe4 17. Nxe4 Bxe4 18. c3 Bb7 19. Bg5 Be5 20. Nxe5 dxe5 21. Rxe5 e6 22. Rae1 Qc6 23. f3 Qb6+ 24. Kh1 Qc7 25. f4 0-0 26. Bh6 Rfe8 27. Qf2 Bd5 28. Qh4 f5 29. Qf6 Qf7 30. Qxf7+ Kxf7 31. Bg5 Rc7 32. Kh2 Rc4 33. R1e3 Re4 34. g4 Rxe3 35. Rxe3 Be4 36. Re2 fxg4 37. hxg4 Bf3 38. Re5 Bxg4 39. b3 Re7 0-1

[Event "Ambalangoda Dhamso op 5th"]
[Site "Ambalangoda"]
[Date "2015.05.29"]
[Round "2"]
[White "Kandearachchi, Niranga"]
[Black "Mayuraji, LM Dinya"]
[Result "1-0"]
[WhiteElo "1961"]
[BlackElo "1137"]
[PlyCount "69"]
[EventDate "2015.05.29"]
[EventType "swiss"]
[EventRounds "9"]
[EventCountry "SRI"]
[SourceTitle "EXT 2016"]
[Source "ChessBase"]
[SourceDate "2015.10.08"]
[SourceVersion "1"]
[SourceVersionDate "2015.10.08"]
[SourceQuality "1"]

1. e4 e5 2. Nf3 Nc6 3. Bc4 h6 4. c3 Nf6 5. d4 d6 6. 0-0 Bg4 7. d5 Ne7 8. Be2 Nxe4 9. Qa4+ Qd7 10. Qxe4 Bf5 11. Qb4 b6 12. Bb5 c6 13. dxc6 Nxc6 14. Qa4 Rc8 15. Rd1 Be7 16. Nxe5 Qe6 17. Bxc6+ Kf8 18. Nf3 Qe2 19. Nd4 Qe5 20. Nxf5 Qxf5 21. Bd7 Qc5 22. Bxc8 Qxc8 23. Bf4 Qc5 24. Nd2 b5 25. Qd4 d5 26. Qe5 f6 27. Qb8+ Kf7 28. Qxh8 Kg6 29. Nf3 d4 30. Nh4+ Kh5 31. Qxg7 Kxh4 32. Rxd4 Kh5 33. g4+ Kh4 34. Bg3+ Kh3 35. Qxh6+ 1-0